Introduction to affine group schemes
Αποθηκεύτηκε σε:
| Κύριος συγγραφέας: | |
|---|---|
| Μορφή: | Βιβλίο |
| Γλώσσα: | English |
| Δημοσίευση: |
New York :
Springer-Verlag,
c1979
|
| Σειρά: | Graduate texts in mathematics ;
; 66 |
| Θέματα: | |
| Ετικέτες: |
Προσθήκη ετικέτας
Δεν υπάρχουν, Καταχωρήστε ετικέτα πρώτοι!
|
MARC
| LEADER | 00000cam a2200000 i 4500 | ||
|---|---|---|---|
| 001 | 1/30581 | ||
| 008 | 941103s1979 eng d | ||
| 020 | |a 0387904212 | ||
| 035 | |l 10038606 | ||
| 035 | |a 1993 | ||
| 040 | |a GR-MY-UA |b gre |e aacr | ||
| 041 | 0 | |a eng | |
| 082 | 0 | |a 512.2 | |
| 100 | 1 | |a Waterhouse, William C. | |
| 245 | 1 | 0 | |a Introduction to affine group schemes / |c William C. Waterhouse |
| 260 | |a New York : |b Springer-Verlag, |c c1979 | ||
| 300 | |a xi, 164 p.; |c 24 cm | ||
| 490 | 1 | |a Graduate texts in mathematics |v ; 66 | |
| 500 | |a Includes indexes | ||
| 504 | |a Bibliography: p. 158-160 | ||
| 650 | 0 | 0 | |a Group schemes (Mathematics) |
| 830 | 0 | |a Graduate texts in mathematics ; |v ; 66 | |
| 852 | |a INST |b SAMOS |e 19941103 |h 512.2 WAT |p 005300007607 |q 005300007607 |t BK |y 0 | ||
| 909 | |a Σ |b 029365 | ||